000 00358nam a2200145Ia 4500
008 230711s9999||||xx |||||||||||||| ||und||
041 _aENG
082 _a621.8
_bJO-J
100 _aJoshi,P.H
245 0 _aJigs and fixtures
250 _a1st
260 _c1990
_aNew Delhi
_bTata McGraw Hill Education Limited
650 _aMechanical Engineering
942 _cBK
999 _c938
_d938